Statistiques concernant Harry Potter: la Première Tâche du Tournoi des 3 Sorciers

Cliquez ici pour prendre le quiz!

Statistiques générales

  • Ce quiz a été pris 80 fois
  • Le résultat moyen est 13 sur 20

Statistiques - réponses

InformationRéponses% Correct
ParticipantHarry Potter
98%
ParticipantCédric Diggory
97%
ParticipanteFleur Delacour
95%
Première apparitionHarry Potter et la Coupe de Feu
92%
Dernière apparitionHarry Potter et la Coupe de Feu
92%
DescriptionContourner l'attention d'un dragon pour attraper un œuf d'or
90%
ParticipantViktor Krum
87%
Technique utiliséeSortilège d'attraction pour utiliser son balai
85%
LieuPoudlard
80%
Animal confrontéMagyar à Pointes
77%
Animal confrontéVert Gallois
59%
Animal confrontéBoutefeu chinois
54%
Animal confrontéSuédois à museau court
51%
Date24 novembre 1994
41%
Nombre de points40
38%
Nombre de points40
38%
Technique utiliséeSortilège de Métamorphose
34%
Nombre de points38
21%
Technique utiliséeSortilège de conjonctivite
16%
Technique utiliséeSortilège de transe
7%

Distribution des résultats

Percentile par nombre de réponses

% des personnes avec chaque résultat

Votre développement - résultats

Vous n’avez pas pris ce quiz